Implementación de un servidor Linux de aplicaciones para la FEC
Ofrecemos los servicios de página Web y correo electrónicos interno para los estudiantes y trabajadores de la Facultad de electrónica y computación (FEC)
| Main Authors: | , |
|---|---|
| Other Authors: | |
| Format: | Tesis Section = Libro |
| Language: | Undetermined Spanish |
| Published: |
Managua
UNI
2008
|
| Subjects: |
| LEADER | 00940nam a2200241Ia 4500 | ||
|---|---|---|---|
| 008 | 240830s9999 xx 000 0 und d | ||
| 040 | |a BIBLIOTECA-RUSB/ Mon 005.43 P722 | ||
| 041 | |a spa | ||
| 082 | |a Mon 005.43 P722 | ||
| 100 | 1 | |a Plazaola Ocampo, Marcos Antonio | |
| 100 | 1 | |b Fuentes Fonseca, Dania Vanesa | |
| 245 | 1 | 0 | |a Implementación de un servidor Linux de aplicaciones para la FEC |
| 260 | |a Managua |b UNI |c 2008 | ||
| 300 | |a 87 p. :il. | ||
| 502 | |a Tesis (Ingeniero en Computación) - UNI, 2008. | ||
| 520 | 3 | |a Ofrecemos los servicios de página Web y correo electrónicos interno para los estudiantes y trabajadores de la Facultad de electrónica y computación (FEC) | |
| 650 | 7 | |a SISTEMA OPERATIVO - LINUX | |
| 650 | 7 | |b SISTEMA DE CORREO ELECTRONICO | |
| 650 | 7 | |c SERVICIO DE INFORMACION SOBRE REDES - WEB | |
| 700 | 1 | |a Tutor: |b Dalla-Torre Parrales, Cedrick Elksnher | |
| 942 | |c BK |2 ddc | ||
| 991 | |a TESIS | ||
| 999 | |c 19744 | ||